ICON international communication through english
Takes students from a beginning to an intermediate level. This work prepares students to express themselves naturally in English. It includes a set of core activities, which create effective teacher-learner interaction in the classroom. It is useful to support students and teachers in large and smal...
সংরক্ষণ করুন:
| প্রধান লেখক: | |
|---|---|
| অন্যান্য লেখক: | |
| ভাষা: | Undetermined English |
| প্রকাশিত: |
New York
McGraw-Hill
2005
|
| বিষয়গুলি: | |
| ট্যাগগুলো: |
ট্যাগ যুক্ত করুন
কোনো ট্যাগ নেই, প্রথমজন হিসাবে ট্যাগ করুন!
|
| Thư viện lưu trữ: | Trung tâm Học liệu Trường Đại học Trà Vinh |
|---|
| LEADER | 01019nam a2200277Ia 4500 | ||
|---|---|---|---|
| 001 | TVU_26575 | ||
| 008 | 210423s9999 xx 000 0 und d | ||
| 020 | |a 0071249125 | ||
| 020 | |a 9780071249126 | ||
| 041 | |a eng | ||
| 082 | |a 372 | ||
| 082 | |b F855/CD2 | ||
| 100 | |a Freeman, Donald | ||
| 245 | 0 | |a ICON | |
| 245 | 0 | |b international communication through english | |
| 245 | 0 | |c Donald Freeman, Kathleen Graves, Linda Lee | |
| 260 | |a New York | ||
| 260 | |b McGraw-Hill | ||
| 260 | |c 2005 | ||
| 300 | |a CD | ||
| 300 | |b ill. | ||
| 300 | |c cm | ||
| 520 | |a Takes students from a beginning to an intermediate level. This work prepares students to express themselves naturally in English. It includes a set of core activities, which create effective teacher-learner interaction in the classroom. It is useful to support students and teachers in large and small classes | ||
| 650 | |a English language | ||
| 700 | |a Donald Freeman; Kathleen Graves; Linda Lee | ||
| 980 | |a Trung tâm Học liệu Trường Đại học Trà Vinh | ||


